000 01147nam a2200229 i 4500
001 98906
003 ES-MaACL
005 20230906182413.0
007 t|
008 950918s1851 sp ||||1| spa d
100 1 _aEchegaray Lacosta, José,
_d1806-ca. 1858
_9161081
245 1 0 _aMemoria sobre las causas de la sequía de las provincias de Almería y Murcia, y de los medios de atenuar sus efectos :
_bescrita con arreglo al programa del real decreto de 30 de marzo de 1850, premiada con el accésit por la Real Academia de Ciencias /
_csu autor Don José de Echegaray.
260 _aMadrid :
_b[s.n.],
_c1851 (
_fImp. del Ministerio de Comercio, Instrucción y Obras Públicas)
300 _a123 p. ;
_c22 cm.
530 _aDisponible en formato digital.
650 4 _aSequía-
_zMurcia (Comunidad Autónoma)
_9161082
650 4 _aSequía-
_zAlmería (Provincia)
_9161083
710 2 _aReal Academia de Ciencias Exactas, Físicas y Naturales de España.
_9175635
852 4 _aES-MaACL
_jT-17-F-1
856 4 _uhttps://bibliotecadigital.carm.es/registro/00000330
_zBiblioteca Digital de la Región de Murcia
999 _c98906
_d98906